| 000 | 01148cpcaa2200289 a 4500 | ||
|---|---|---|---|
| 001 | mm2010085533 | ||
| 003 | DLC | ||
| 005 | 20260227111732.0 | ||
| 008 | 100310|||||||||||| spa | ||
| 010 | _amm2010085533 | ||
| 040 |
_aDLC _cDLC _dDLC _edacs |
||
| 072 | 7 |
_aF _2lcmd |
|
| 110 | 1 |
_aSanta Fe de Bogota. _bReal Audiencia. |
|
| 245 | 0 | 0 |
_aSanta Fe de Bogota. Real Audiencia records, _f1566. |
| 300 |
_a300 _fitems. |
||
| 300 |
_a1 _fcontainer. |
||
| 506 | 0 | _aOpen to research. | |
| 520 | 8 | _aSelections from Archivo General de Indias, Gobierno, Audiencia Santa Fe de Bogota, legajos 117. | |
| 533 | _aPhotostats and transcripts of originals in the Archivo General de Indias (Seville). | ||
| 535 | 1 |
_aArchivo General de Indias, _bSeville, _cSpain. |
|
| 546 | _aCollection material in Spanish. | ||
| 650 | 0 |
_aArchives _zSpain. |
|
| 651 | 0 |
_aColombia _xHistory _y16th century. |
|
| 651 | 0 |
_aSpain _xColonies _zAmerica. |
|
| 710 | 2 |
_aArchivo General de Indias. _bSección de Gobierno. _bAudiencia Santa Fe de Bogota. |
|
| 999 |
_c44826 _d44826 |
||